000 00693nam a2200229 a 4500
008
020 _a0333594657 (pbk.)
049 _aMAIN
090 _aHD9715.25
_bCOO
100 1 _aCooke, B.
245 1 0 _aEuropean construction :
_bprocedures and techniques /
_cB. Cooke and G. Walker.
260 _aLondon :
_bMacmillan Press,
_c1994.
300 _aviii, 255 p. :
_bill. ;
_c25 cm.
504 _aIncludes bibliographical references.
650 _aConstruction equipment industry.
700 _aWalker, G.
907 _a.b10306778
_b18-02-13
_c01-02-12
003
005 20230123125400.0
040 _cNUST
942 _cBOOKS
_kHD9715.25
_mCOO
999 _c140558
_d140558